00623nam a2200169Ia 4500999001500000020001800015082002400033100002000057245006800077260003100145300001400176650003100190650001100221710004700232942000700279952016700286 c8585d8585 a9789383930241 a338.276099442 DAS-; aDash, Sandipani 0aDynamics of extractive resources in Africa: prospects for India aNew DelhibG.B.Booksc2015 axii, 163p aNATURAL RESOURCES - AFRICA aAFRICA aIndian Council of World Affairs, New Delhi cBK 00104070aNASSDOCbNASSDOCd2015-11-24eGifted by : Indian Council of World Affai2014-11-19l0o338.276099442 DAS-;p48843r2019-04-18 00:00:00w2019-04-18yBK